[Event "1500-1800"]
[Site "SchemingMind.com"]
[Date "2008.12.17"]
[Round "-"]
[White "jtrochez1"]
[Black "Negrito19"]
[Result "1-0"]
[WhiteCountry "HON"]
[BlackCountry "ARG"]
[WhiteElo "1580"]
[WhiteRD "48"]
[BlackElo "1630"]
[BlackRD "61"]
[GameID "183830"]

1. e4 e5 2. Nf3 d6 3. h3 Nf6 4. d3 b6 5. Nc3 Bb7 6. Bd2 d5 7. Be2 dxe4 8. dxe4 h6 9. Bd3 Bb4 10. Qe2 Nbd7
11. O-O O-O 12. a3 Bd6 13. Nh2 Nc5 14. Rad1 Ne6 15. Ng4 Nd4 16. Qe1 a5 17. Nxf6+ Qxf6 18. Nd5 Qg6 19. f4 exf4 20. Bxf4 Rae8
21. c4 Bc5 22. Kh1 b5 23. Qxa5 c6 24. Ne3 Ra8 25. Qc7 bxc4 26. Bxc4 Ra7 27. Qe5 Ne6 28. Bxe6 Bxe3 29. Bxe3 Ba6 30. Rf4 Re7
31. Qf5 Rxe6 32. Qxg6 Rxg6 33. b4 Re8 34. Bc5 Be2 35. Re1 Bd3 36. Kh2 Rge6 37. e5 f6 38. exf6 gxf6 39. Rxe6 Rxe6 40. Rd4 Re3
41. a4 f5 42. Rd8+ Kh7 43. Bxe3 Bc2 44. a5 Kg6 45. Rd6+ Kf7 46. Rxh6 Be4 47. g4 Kg7 48. gxf5 Bxf5 49. Rxc6 Be4 50. Rd6 Kf7
51. a6 Ke7 52. Bc5 Kf7 53. b5 Ke7 54. Rd4+ Ke6 55. Rxe4+ Kf5 56. a7 Kxe4 57. a8=Q+ Kd3 58. b6 Kc4 59. b7 Kxc5 60. b8=Q Kd4
61. Qd6+ Kc4 62. Qad5+ Kc3 63. Q6c6+ Kb4 64. Qcc4+ Ka3 65. Qdd3+ Kb2 66. Qcc2+ Ka1 67. Qa3#
1-0

[Event "1500-1800"]
[Site "SchemingMind.com"]
[Date "2008.12.16"]
[Round "-"]
[White "capablanca"]
[Black "Negrito19"]
[Result "1-0"]
[WhiteCountry "GER"]
[BlackCountry "ARG"]
[WhiteElo "1710"]
[WhiteRD "58"]
[BlackElo "1612"]
[BlackRD "58"]
[GameID "183831"]

1. e4 e5 2. Nf3 Nc6 3. Bc4 h6 4. d4 d6 5. dxe5 dxe5 6. Qxd8+ Nxd8 7. Nxe5 Nf6 8. f3 Bd6 9. Nd3 Nd7 10. Be3 Nc6
11. Nd2 Nb6 12. Bb3 Nd7 13. O-O-O b6 14. Nf4 Nf6 15. Nc4 Bb4 16. Nd5 Nxd5 17. Rxd5 Be6 18. Rdd1 O-O 19. a3 Ba5 20. Nxa5 Nxa5
21. Bxe6 fxe6 22. Rd7 c5 23. Rhd1 Nc4 24. Bf2 Ne5 25. Re7 Rf6 26. Bg3 Nc6 27. Rc7 Nd4 28. Be5 Rg6 29. Rd2 Nb5 30. Re7 Kf8
31. Rb7 Re8 32. Rdd7 Rxg2 33. Rf7+ Kg8 34. Bg3 Rg1+ 35. Kd2 Rd8+ 36. Ke3 g5 37. Rg7+ Kf8 38. Rh7 Kg8 39. Be5 Re1+ 40. Kf2 Red1
41. Rh8#
1-0

[Event "1500-1800"]
[Site "SchemingMind.com"]
[Date "2008.12.16"]
[Round "-"]
[White "kwabena"]
[Black "Negrito19"]
[Result "1-0"]
[WhiteCountry "ENG"]
[BlackCountry "ARG"]
[WhiteElo "1640"]
[WhiteRD "63"]
[BlackElo "1630"]
[BlackRD "61"]
[GameID "183835"]

1. d4 d5 2. h3 Nc6 3. Bf4 Nf6 4. e3 a6 5. c4 dxc4 6. Bxc4 b5 7. Bb3 e6 8. a3 Bb7 9. Nc3 b4 10. Na4 Bd6
11. Bxd6 Qxd6 12. Nc5 Bc8 13. Ba4 O-O 14. Bxc6 Qxc6 15. Nf3 e5 16. O-O exd4 17. Qxd4 bxa3 18. Rxa3 a5 19. Rfa1 Nd7 20. Nxd7 Bxd7
21. Ne5 Qb5 22. Nxd7 Rfd8 23. Nf6+ gxf6 24. Qxf6 Rd6 25. Qc3 Rc6 26. Rxa5 Rxc3 27. Rxa8+ Kg7 28. bxc3 c5 29. R8a5 Qc4 30. R1a3 h5
31. g3 Kg6 32. h4 Kf5 33. R5a4 Qd5 34. Rf4+ Kg6 35. c4 Qe6 36. Ra5 Qb6 37. Rb5 Qc6 38. e4 f6 39. f3 Qd6 40. Rb1 Qd4+
41. Kg2 Qxc4 42. Rf1 Qe2+ 43. Rf2 Qe3 44. Rf5 c4 45. Rd5 c3 46. Rc2 Qe1 47. Rd3 f5 48. Rd6+ Kf7 49. exf5 Qe5 50. Rc6 Qxf5
51. R2xc3 Qd5 52. Rc7+ Ke8 53. Rc2 Kd8 54. R7c5 Qd3 55. R5c3 Qd4 56. Kf1 Qe5 57. Kf2 Qd4+ 58. Ke2 Qe5+ 59. Kf2 Qd4+ 60. Re3 Kd7
61. Ke2 Qb4 62. Rd2+ Kc6 63. Re4 Qb5+ 64. Rd3 Qb2+ 65. Ke3 Qc1+ 66. Kd4 Qg1+ 67. Rde3 Qxg3 68. Rc3+ Kd6 69. Rce3 Qg7+ 70. Kd3 Qg6
71. f4 Qg4 72. Re6+ Kd7 73. Re7+ Kd8 74. Re8+ Kd7 75. R3e7+ Kd6 76. Re6+ Kd5 77. Re5+ Kd6 78. Ke4 Qg2+ 79. Kd4 Qf2+ 80. Ke4 Qxh4
81. Rh8 Qh1+ 82. Kf5 Qh3+ 83. Ke4 h4 84. Rh6+ Kd7 85. Reh5 Qg2+ 86. Kf5 Qd5+ 87. Kg4 Qe4 88. Rxh4 Qf5+ 89. Kg3 Qd3+ 90. Kg4 Qd4
91. R4h5 Qg1+ 92. Kf5 Qd4 93. Rf6 Qd5+ 94. Kg4 Qg8+ 95. Kh4 Ke7 96. Rfh6 Qc4 97. Re5+ Kf7 98. Kg5 Qd3 99. Rf6+ Kg7 100. Re7+ Kg8
101. Rb6 Qd5+ 102. f5 Qd2+ 103. Kg6 Qg2+ 104. Kf6 Qa8 105. Rd6 Qf8+ 106. Ke6 Qc8+ 107. Ke5 Kf8 108. f6 Qc5+ 109. Ke6 Qc4+ 110. Kd7 Qf4
111. Kc7 Qc4+ 112. Rc6 Qd5 113. Kb7 Qb5+ 114. Rb6 Qd5+ 115. Kb8 Qd4 116. Rc6 Qe5+ 117. Ka8 Qd5 118. Re6 Qd8+ 119. Kb7 Qd7+ 120. Ka6 Qd5
121. Red6 Qa2+ 122. Kb7 Qb3+= 123. Kc7 Qg3 124. Kd7 Qg4+ 125. Kd8 Qf5 126. Rc8 Qa5+ 127. Kd7+ Kf7 128. Rc7 Qb5+ 129. Kc8+ Kf8 130. Rd8+ Qe8
131. Rxe8+ Kxe8 132. Re7+ Kf8 133. Kd8 Kg8 134. Ke8 Kh8 135. Re1 Kg8 136. Rg1+ Kh7 137. f7 Kh6 138. f8=Q+ Kh7 139. Qg7#
1-0

[Event "1500-1800"]
[Site "SchemingMind.com"]
[Date "2008.12.16"]
[Round "-"]
[White "Francisco Aquino"]
[Black "jtrochez1"]
[Result "1-0"]
[WhiteCountry "BRA"]
[BlackCountry "HON"]
[WhiteElo "1833"]
[WhiteRD "74"]
[BlackElo "1546"]
[BlackRD "48"]
[GameID "183840"]

1. e4 e5 2. Nf3 Nc6 3. Bb5 Nge7 4. O-O d6 5. d4 Bd7 6. dxe5 Nxe5 7. Bxd7+ Nxd7 8. Bg5 c6 9. Qxd6 Nb6 10. Qg3 Nbc8
11. Nc3 g6 12. Bf6 Qa5 13. Bxh8 f5 14. exf5 Nxf5 15. Rfe1+ Be7 16. Qe5 Qxe5 17. Rxe5 Ncd6 18. Bf6 Kf7 19. Bxe7 Nxe7 20. Rae1 Re8
21. Ng5+ Kg7 22. Rxe7+ Rxe7 23. Rxe7+ Kf6 24. Re6+ Kxg5 25. Rxd6 h5 26. Rd7 b5 27. Rxa7
1-0

[Event "1500-1800"]
[Site "SchemingMind.com"]
[Date "2008.12.17"]
[Round "-"]
[White "Francisco Aquino"]
[Black "capablanca"]
[Result "1-0"]
[WhiteCountry "BRA"]
[BlackCountry "GER"]
[WhiteElo "1764"]
[WhiteRD "73"]
[BlackElo "1666"]
[BlackRD "54"]
[GameID "183841"]

1. e4 e5 2. Nf3 Nc6 3. Bb5 a6 4. Bxc6 dxc6 5. O-O f6 6. Nc3 c5 7. d3 Be6 8. Be3 Bd6 9. Ne2 Ne7 10. Ng3 Qd7
11. c3 Nc6 12. d4 cxd4 13. cxd4 exd4 14. Nxd4 Nxd4 15. Bxd4 O-O-O 16. Be3 Be5 17. Qc2 Qd3 18. Qc5 Bxg3 19. hxg3 Qxe4 20. Qa7 Bd5
21. f3 Qg6 22. Bf4 Kd7 23. Qc5 c6 24. Qd6+ Ke8 25. Rfe1+
1-0

[Event "1500-1800"]
[Site "SchemingMind.com"]
[Date "2008.12.16"]
[Round "-"]
[White "Francisco Aquino"]
[Black "olivsan"]
[Result "1-0"]
[WhiteCountry "BRA"]
[BlackCountry "BRA"]
[WhiteElo "1833"]
[WhiteRD "74"]
[BlackElo "1588"]
[BlackRD "76"]
[GameID "183842"]

1. e4 e5 2. Nf3 Nc6 3. Bb5 a6 4. Bxc6 dxc6 5. O-O f6 6. Nc3 Bg4 7. d3 Bc5 8. Be3 Bxe3 9. fxe3 Qd6 10. Qe1 O-O-O
11. Rd1 Ne7 12. d4 c5 13. dxe5 Qe6 14. exf6 gxf6 15. Nd5 Nxd5 16. exd5 Rxd5 17. Rxd5 Qxd5 18. Qc3 Qd6 19. Ng5 Qe5 20. Qxe5 fxe5
21. Nf7 Re8 22. h3 Be6 23. Ng5 h6 24. Nxe6 Rxe6= 25. g4 e4 26. h4 Rg6 27. Rf4 Re6 28. Kf2 c4 29. g5 h5 30. Rf6 Kd7
31. Kg3 Ke7 32. Rxe6+ Kxe6 33. Kf4
1-0

[Event "1500-1800"]
[Site "SchemingMind.com"]
[Date "2008.12.16"]
[Round "-"]
[White "Francisco Aquino"]
[Black "Negrito19"]
[Result "1-0"]
[WhiteCountry "BRA"]
[BlackCountry "ARG"]
[WhiteElo "1764"]
[WhiteRD "73"]
[BlackElo "1619"]
[BlackRD "68"]
[GameID "183844"]

1. e4 e5 2. Nf3 Nc6 3. Bb5 a6 4. Ba4 Qf6 5. Nc3 Bc5 6. O-O Nge7 7. d3 h6 8. Be3 Bd4 9. Bxc6 Nxc6 10. Nd5 Qd8
11. c3 Bxe3 12. fxe3 d6 13. Qb3 b5 14. d4 Be6 15. dxe5 dxe5 16. Rad1 Na5 17. Qb4 Nc6 18. Qc5 Bxd5 19. Rxd5 Qf6 20. Nxe5 Ne7
21. Rxf6 Nxd5 22. Qxd5 O-O 23. Rxf7 Rxf7 24. Qxf7+ Kh8 25. Ng6+ Kh7 26. e5 h5 27. e6 c5 28. e7 Kh6 29. e8=Q Rxe8 30. Qxe8 Kh7
31. Nh4 g6 32. Qxg6+ Kh8 33. Qf7 b4 34. Ng6#
1-0

[Event "1500-1800"]
[Site "SchemingMind.com"]
[Date "2008.12.21"]
[Round "-"]
[White "Francisco Aquino"]
[Black "rodk"]
[Result "1-0"]
[WhiteCountry "BRA"]
[BlackCountry "USA"]
[WhiteElo "1853"]
[WhiteRD "79"]
[BlackElo "1618"]
[BlackRD "81"]
[GameID "183845"]

1. e4 c6 2. d4 d5 3. Nc3 dxe4 4. Nxe4 Bf5 5. Ng3 Bg6 6. Nf3 Nd7 7. Bc4 e6 8. Bg5 Be7 9. Bxe7 Qxe7 10. O-O Ngf6
11. Re1 O-O-O 12. c3 h6 13. a4 Nh5 14. b4 Nxg3 15. hxg3 a6 16. b5 axb5 17. axb5 Nb6 18. Bd3 Bxd3 19. Qxd3 Qc7 20. bxc6 bxc6
21. Ne5 Rhf8 22. Qa6+ Qb7 23. Nxc6 Qxa6 24. Rxa6 Kb7 25. Nb4 Rc8 26. Rc1 Nc4 27. Rca1 Ra8 28. Rxa8 Rxa8 29. Rxa8 Kxa8 30. Kf1 Kb7
31. Ke2 Kb6 32. Kd3 Kb5 33. Nc2 Nb2+ 34. Kd2 Nc4+ 35. Kc1 Nd6 36. f3 Kc4 37. Kd2 Nb5 38. Ne3+ Kb3 39. Nd1 Kc4 40. Kc2 g6
41. Ne3#
1-0

[Event "1500-1800"]
[Site "SchemingMind.com"]
[Date "2008.12.16"]
[Round "-"]
[White "Francisco Aquino"]
[Black "kwabena"]
[Result "1-0"]
[WhiteCountry "BRA"]
[BlackCountry "ENG"]
[WhiteElo "1764"]
[WhiteRD "73"]
[BlackElo "1631"]
[BlackRD "68"]
[GameID "183846"]

1. e4 d5 2. exd5 Qxd5 3. Nc3 Qd8 4. Nf3 Bf5 5. Bb5+ c6 6. Be2 e6 7. O-O Nf6 8. d4 Bd6 9. Bg5 h6 10. Bh4 Be7
11. Re1 O-O 12. Bd3 Bxd3 13. Qxd3 Ng4 14. Bxe7 Qxe7 15. d5 cxd5 16. Nxd5 Qc5 17. Ne3 Nf6 18. Nc4 Nc6 19. h3 Rad8 20. Qb3 b6
21. Nfe5 Nd4 22. Qc3 Rd5 23. Rac1 Rfd8 24. a3 Nb5 25. Qg3 Nd6 26. b4 Qd4 27. c3 Nfe4 28. cxd4 Nxg3 29. Nxd6 R5xd6 30. fxg3 Rxd4
31. Nc6 Rd3 32. Nxd8 Rxd8 33. Rc7 a5 34. bxa5 bxa5 35. Ra7 Rd5 36. Rb1 g6 37. Rb8+ Kg7 38. Rbb7 Rf5 39. g4 Rf4 40. Rxa5 Kf6
41. Raa7 Kg7 42. a4 h5 43. gxh5 gxh5 44. a5 Kg6 45. a6
1-0

[Event "1500-1800"]
[Site "SchemingMind.com"]
[Date "2008.12.16"]
[Round "-"]
[White "jtrochez1"]
[Black "Francisco Aquino"]
[Result "1/2-1/2"]
[WhiteCountry "HON"]
[BlackCountry "BRA"]
[WhiteElo "1532"]
[WhiteRD "50"]
[BlackElo "1764"]
[BlackRD "73"]
[GameID "183847"]

1. e4 e5 2. Nf3 Nc6 3. d4 exd4 4. Nxd4 Nf6 5. Nxc6 bxc6 6. Bd3 d5 7. exd5 Qxd5 8. Qe2+ Be6 9. O-O Bd6 10. c4 Qe5
11. Qxe5 Bxe5 12. Re1 Bd4 13. h3 Rb8 14. Nc3 O-O 15. Re2 Rfd8 16. Rc2 Rd7 17. b3 Rbd8 18. Be2 Ne4 19. Bb2 Bxf2+ 20. Kf1 Nxc3
21. Bxc3 Bd4 22. Bxd4 Rxd4 23. Ke1 Bf5 24. Rcc1 Re8 25. Kf2 Rd2 26. Re1 Bd3 27. Rad1 Rexe2+ 28. Rxe2 Rxe2+ 29. Kf3 Rxa2=
1/2-1/2

[Event "1500-1800"]
[Site "SchemingMind.com"]
[Date "2008.12.17"]
[Round "-"]
[White "capablanca"]
[Black "Francisco Aquino"]
[Result "0-1"]
[WhiteCountry "GER"]
[BlackCountry "BRA"]
[WhiteElo "1666"]
[WhiteRD "54"]
[BlackElo "1764"]
[BlackRD "73"]
[GameID "183848"]

1. e4 e5 2. Nf3 Nc6 3. Bc4 Nf6 4. O-O Bc5 5. c3 O-O 6. d4 exd4 7. cxd4 Bb4 8. e5 Ne8 9. Bg5 Be7 10. Bxe7 Qxe7
11. Nc3 d6 12. Re1 Bg4 13. e6 fxe6 14. h3 Bxf3 15. gxf3 d5 16. Bb3 Qf6 17. Ne2 Qxf3 18. Rf1 Qxh3 19. Ng3 Nf6 20. Qe2 Ng4
21. Qxe6+ Kh8
0-1

[Event "1500-1800"]
[Site "SchemingMind.com"]
[Date "2008.12.16"]
[Round "-"]
[White "olivsan"]
[Black "Francisco Aquino"]
[Result "1/2-1/2"]
[WhiteCountry "BRA"]
[BlackCountry "BRA"]
[WhiteElo "1588"]
[WhiteRD "76"]
[BlackElo "1833"]
[BlackRD "74"]
[GameID "183849"]

1. e4 e5 2. Nf3 Nc6 3. Bc4 Nf6 4. d3 Bc5 5. c3 d5 6. exd5 Nxd5 7. Bxd5 Qxd5 8. c4 Qd8 9. a3 Bg4 10. h3 Bh5
11. O-O Nd4 12. Nbd2 Qf6 13. g4 Bg6 14. b4 Bxd3 15. Re1 Ne2+ 16. Rxe2 Bxe2 17. Qxe2 e4 18. Qxe4+ Be7 19. Rb1 O-O-O 20. c5 Rhe8
21. Bb2 Qh6 22. Kg2 Bxc5 23. Qf5+ Kb8 24. Qxc5 Rxd2 25. Nxd2 Qxd2 26. Be5 Qd7 27. Rc1 Rc8 28. Bxg7 f5 29. Bd4 b6 30. Qc3 fxg4
31. hxg4 Qxg4+ 32. Qg3 Qxd4=
1/2-1/2

[Event "1500-1800"]
[Site "SchemingMind.com"]
[Date "2008.12.16"]
[Round "-"]
[White "Rotceh"]
[Black "Francisco Aquino"]
[Result "0-1"]
[WhiteCountry "MEX"]
[BlackCountry "BRA"]
[WhiteElo "1412"]
[WhiteRD "62"]
[BlackElo "1833"]
[BlackRD "74"]
[GameID "183850"]

1. Nc3 Nf6 2. Nf3 Nc6 3. e4 e5 4. d4 exd4 5. Nxd4 Bc5 6. Nxc6 bxc6 7. Bd3 d6 8. Bg5 O-O 9. O-O Re8 10. Na4 Bb6
0-1

[Event "1500-1800"]
[Site "SchemingMind.com"]
[Date "2008.12.16"]
[Round "-"]
[White "Negrito19"]
[Black "Francisco Aquino"]
[Result "0-1"]
[WhiteCountry "ARG"]
[BlackCountry "BRA"]
[WhiteElo "1619"]
[WhiteRD "68"]
[BlackElo "1764"]
[BlackRD "73"]
[GameID "183851"]

1. e4 e5 2. Nf3 Nc6 3. Nc3 Nf6 4. Bb5 Bc5 5. h3 O-O 6. d3 d5 7. exd5 Nxd5 8. Bxc6 bxc6 9. Ne4 Bb6 10. Nxe5 Bb7
11. Qf3 Qe7 12. Qg3 Rfe8 13. f4 f6 14. Ng4 Kh8 15. Nf2 f5 16. c4 Nb4 17. Kd2 fxe4 18. Re1 Bxf2 19. Qxf2 c5 20. Qg3 Rad8
21. Re3 Rxd3+ 22. Rxd3 exd3 23. Kc3 Qf6+ 24. Kb3 Qb6 25. Kc3 Qa5 26. a3 Nc2+ 27. Kxd3 Nxa1 28. Bd2 Be4+ 29. Ke2 Bf5+ 30. Kd1 Qa4+
31. b3 Nxb3 32. Bc3 Nd4+ 33. Kd2 Qc2#
0-1

[Event "1500-1800"]
[Site "SchemingMind.com"]
[Date "2008.12.21"]
[Round "-"]
[White "rodk"]
[Black "Francisco Aquino"]
[Result "0-1"]
[WhiteCountry "USA"]
[BlackCountry "BRA"]
[WhiteElo "1618"]
[WhiteRD "81"]
[BlackElo "1853"]
[BlackRD "79"]
[GameID "183852"]

1. e4 e5 2. Nf3 Nc6 3. g3 Nf6 4. d3 d5 5. Nbd2 Bg4 6. Bg2 Bc5 7. O-O O-O 8. Re1 Re8 9. exd5 Nxd5 10. c3 Rc8
11. Qc2 Nf6 12. a3 h6 13. Nc4 Bd6 14. b4 a6 15. Nfd2 Bd7 16. Ne4 Bf8 17. Bb2 Bf5 18. Rad1 Qe7 19. Nxf6+ Qxf6 20. Bxc6 bxc6
21. Qa4 c5 22. b5 axb5 23. Qxb5 Rcd8 24. Na5 Rb8 25. Qa4 Re6 26. Qc2 Bh3 27. Nc4 Qf3 28. Ne3 Reb6 29. Ba1 f5 30. Qe2 Qxe2
31. Rxe2 Rb3 32. Nc4= Bg4 33. Rde1 Bxe2 34. Rxe2 Rb1+ 35. Kg2 Rxa1 36. Rxe5 Bd6 37. Re2 Kf7 38. f4 Re8 39. Kf3 Rxe2 40. Kxe2 Ra2+
41. Nd2 Rxa3 42. c4 Ra2 43. h3 c6 44. Ke3 g5 45. Nf3 gxf4+ 46. gxf4 Ra7 47. d4 Ra3+
0-1

[Event "1500-1800"]
[Site "SchemingMind.com"]
[Date "2008.12.16"]
[Round "-"]
[White "kwabena"]
[Black "Francisco Aquino"]
[Result "0-1"]
[WhiteCountry "ENG"]
[BlackCountry "BRA"]
[WhiteElo "1631"]
[WhiteRD "68"]
[BlackElo "1764"]
[BlackRD "73"]
[GameID "183853"]

1. d4 d5 2. c4 dxc4 3. Qa4+ Nc6 4. Qxc4 Qxd4 5. e3 Qg4 6. Qxg4 Bxg4 7. Nc3 O-O-O 8. h3 Bh5 9. Be2 Bg6 10. Nf3 Nf6
11. O-O e6 12. a3 Be7 13. b4 Nd5 14. Bb2 Rhg8 15. Nb5 a6 16. Nbd4 Nxd4 17. Nxd4 Bf6 18. Rfc1 Bxd4 19. Bxd4 f6 20. Rc5 e5
21. Bb2 Be8 22. Bf3 Bc6 23. Rd1 Ne7 24. Bxc6 Rxd1+ 25. Kh2 Nxc6 26. f4 exf4 27. exf4 Rd2 28. Bc3 Ra2 29. b5 axb5 30. Rxb5 Rxa3
31. Be1 Re8 32. Bg3 Re2 33. h4 Raa2 34. Kh3 Rxg2 35. Rb3 Nd4 36. Rd3 Nf5 37. Be1 Rh2+ 38. Kg4 g6 39. h5 Rae2 40. hxg6 hxg6
41. Bc3 Reg2+ 42. Kf3 Rg3+ 43. Ke4 Re2+
0-1

[Event "1500-1800"]
[Site "SchemingMind.com"]
[Date "2008.12.17"]
[Round "-"]
[White "tyler199"]
[Black "jtrochez1"]
[Result "0-1"]
[WhiteCountry "CAN"]
[BlackCountry "HON"]
[WhiteElo "1559"]
[WhiteRD "47"]
[BlackElo "1559"]
[BlackRD "50"]
[GameID "183919"]

1. e4 e5 2. f4 d6 3. Nf3 exf4 4. d4 Nf6 5. Nc3 a6 6. Bxf4 h6 7. a4 c6 8. Be2 Nh5 9. Be3 Nf6 10. O-O Bg4
0-1

[Event "1500-1800"]
[Site "SchemingMind.com"]
[Date "2008.12.17"]
[Round "-"]
[White "tyler199"]
[Black "capablanca"]
[Result "0-1"]
[WhiteCountry "CAN"]
[BlackCountry "GER"]
[WhiteElo "1559"]
[WhiteRD "47"]
[BlackElo "1710"]
[BlackRD "58"]
[GameID "183920"]

1. d4 d5 2. c4 Nf6 3. cxd5 Qxd5 4. Nc3 Qd8 5. e4 e6 6. Nf3 Bb4 7. Bg5 h6 8. Bxf6 Qxf6 9. Qa4+ Nc6 10. Bb5 Bd7
0-1

[Event "1500-1800"]
[Site "SchemingMind.com"]
[Date "2008.12.16"]
[Round "-"]
[White "tyler199"]
[Black "Francisco Aquino"]
[Result "0-1"]
[WhiteCountry "CAN"]
[BlackCountry "BRA"]
[WhiteElo "1559"]
[WhiteRD "47"]
[BlackElo "1795"]
[BlackRD "76"]
[GameID "183926"]

1. d4 d5 2. c4 dxc4 3. Nf3 Nf6 4. e3 Bg4 5. Bxc4 e6 6. h3 Bh5 7. Nc3 Bb4 8. Qb3 Nc6 9. Bb5 O-O 10. Bxc6 Bxc3+
0-1

[Event "1500-1800"]
[Site "SchemingMind.com"]
[Date "2008.12.17"]
[Round "-"]
[White "jtrochez1"]
[Black "tyler199"]
[Result "1-0"]
[WhiteCountry "HON"]
[BlackCountry "CAN"]
[WhiteElo "1559"]
[WhiteRD "50"]
[BlackElo "1559"]
[BlackRD "47"]
[GameID "183927"]

1. e4 e6 2. d4 d5 3. e5 c5 4. c3 Qb6 5. Nf3 Nc6 6. Qa4 Bd7 7. Bb5 Nxe5 8. Bxd7+ Nxd7 9. Ne5 Qc7 10. Bf4 Qd8
11. Nxd7
1-0

[Event "1500-1800"]
[Site "SchemingMind.com"]
[Date "2008.12.17"]
[Round "-"]
[White "capablanca"]
[Black "tyler199"]
[Result "1-0"]
[WhiteCountry "GER"]
[BlackCountry "CAN"]
[WhiteElo "1710"]
[WhiteRD "58"]
[BlackElo "1559"]
[BlackRD "47"]
[GameID "183928"]

1. e4 c5 2. Nf3 d6 3. d4 cxd4 4. Nxd4 Nf6 5. Nc3 g6 6. f3 Bg7 7. Be3 a6 8. Qd2 b5 9. Bd3 Bb7 10. O-O-O Nbd7
11. Kb1
1-0

[Event "1500-1800"]
[Site "SchemingMind.com"]
[Date "2008.12.16"]
[Round "-"]
[White "Francisco Aquino"]
[Black "tyler199"]
[Result "1-0"]
[WhiteCountry "BRA"]
[BlackCountry "CAN"]
[WhiteElo "1795"]
[WhiteRD "76"]
[BlackElo "1559"]
[BlackRD "47"]
[GameID "183934"]

1. e4 c5 2. Nf3 d6 3. d4 cxd4 4. Nxd4 Nf6 5. Nc3 g6 6. Bg5 Bg7 7. Bb5+ Bd7 8. O-O a6 9. Bc4 b5 10. Bb3 Nc6
11. Nxc6
1-0

[Event "1500-1800"]
[Site "SchemingMind.com"]
[Date "2008.12.17"]
[Round "-"]
[White "Clive Everill"]
[Black "jtrochez1"]
[Result "1-0"]
[WhiteCountry "CZE"]
[BlackCountry "HON"]
[WhiteElo "1648"]
[WhiteRD "49"]
[BlackElo "1546"]
[BlackRD "48"]
[GameID "183964"]

1. c4 g6 2. e4 Bg7 3. d4 d6 4. Nf3 Bg4 5. Be2 Nf6 6. Nc3 a6 7. Qb3 Bxf3 8. Bxf3 Qc8 9. e5 dxe5 10. Bxb7 Qf5
11. Bxa8 exd4 12. Ne2 O-O 13. Nxd4 Qc8 14. O-O Nbd7 15. Bf3 Ne5 16. Be2 c5 17. Nf3 Nxf3+ 18. Bxf3 Nd7 19. Be3 Ne5 20. Be2 Ng4
21. Bxg4 Qxg4 22. Bxc5 Re8 23. h3 Qc8 24. Be3 e6 25. Rad1 Qb8 26. Qxb8 Rxb8 27. b3 Kf8 28. Rd6 a5 29. Rfd1 Ke8 30. c5 Be5
31. Ra6 Bc3 32. Rd3 Bb4 33. Rb6 Rxb6 34. cxb6
1-0

[Event "1500-1800"]
[Site "SchemingMind.com"]
[Date "2008.12.17"]
[Round "-"]
[White "Clive Everill"]
[Black "capablanca"]
[Result "1-0"]
[WhiteCountry "CZE"]
[BlackCountry "GER"]
[WhiteElo "1644"]
[WhiteRD "50"]
[BlackElo "1666"]
[BlackRD "54"]
[GameID "183965"]

1. e4 e5 2. Nc3 Nc6 3. Bc4 Bc5 4. Qg4 Qf6 5. Nd5 Qxf2+ 6. Kd1 d6 7. Qxg7 Nf6 8. Qxh8+ Kd7 9. Nxf6+ Ke7 10. Qe8+ Kxf6
11. Qxf7+ Kg5 12. d4+
1-0

[Event "1500-1800"]
[Site "SchemingMind.com"]
[Date "2008.12.17"]
[Round "-"]
[White "Clive Everill"]
[Black "olivsan"]
[Result "1-0"]
[WhiteCountry "CZE"]
[BlackCountry "BRA"]
[WhiteElo "1682"]
[WhiteRD "51"]
[BlackElo "1546"]
[BlackRD "74"]
[GameID "183966"]

1. d4 Nf6 2. Bg5 Ne4 3. Bf4 d5 4. f3 Nf6 5. e3 e6 6. Bd3 Be7 7. Ne2 O-O 8. O-O Nc6 9. c4 dxc4 10. Bxc4 Nb4
11. a3 Nc6 12. Nbc3 a6 13. b4 b5 14. Bb3 h6 15. e4 Bd6 16. e5 g5 17. Bg3 Nh5 18. exd6 Nxg3 19. Nxg3 cxd6 20. d5 Ne5
21. dxe6 fxe6 22. Nge4 Qb6+ 23. Kh1 Qc7 24. Rc1 Bd7 25. Nxd6 Nf7 26. Nxf7 Rxf7 27. Nxb5 Qb6 28. Nd4 e5 29. Bxf7+ Kxf7 30. Qb3+ Kg7
31. Ne2 Re8 32. Ng3 Be6 33. Qa4 Kf8 34. Rc6 Bd7 35. Rxb6 Bxa4 36. Rxh6 Bb5 37. Rc1 Kg7 38. Rb6 Rd8 39. Nf5+ Kf8 40. h4 gxh4
41. Nxh4 Re8 42. Rc7
1-0

[Event "1500-1800"]
[Site "SchemingMind.com"]
[Date "2008.12.17"]
[Round "-"]
[White "Clive Everill"]
[Black "Negrito19"]
[Result "1-0"]
[WhiteCountry "CZE"]
[BlackCountry "ARG"]
[WhiteElo "1637"]
[WhiteRD "49"]
[BlackElo "1612"]
[BlackRD "58"]
[GameID "183968"]

1. c4 e5 2. Nc3 Nf6 3. g3 Bb4 4. Bg2 d6 5. e3 Nc6 6. Ne4 Nxe4 7. Bxe4 Bd7 8. Qc2 Qf6 9. a3 Ba5 10. b4 Bb6
11. Ne2 a6 12. O-O Bh3 13. Bg2 Bxg2 14. Kxg2 O-O 15. Bb2 Rfe8 16. f4 Qg6 17. f5 Qf6 18. Nf4 Nd4 19. exd4 exd4 20. Nd5 Re2+
21. Kh1 Qh6 22. h4 Rxd2 23. Qc1 Re8 24. Re1 Re3 25. Nxe3 dxe3 26. Qxd2 g5 27. Qc3 f6 28. Qxf6 Qxf6 29. Bxf6 gxh4 30. Bxh4 Bd4
31. Rab1 h5 32. c5 Kf7 33. cxd6 cxd6 34. Rbd1 Be5 35. Rxe3 b6 36. Rc1 Ke8 37. Rc6 a5 38. Rxd6 Kf7 39. Rxe5 axb4 40. Re7+ Kf8
41. Rd8#
1-0

[Event "1500-1800"]
[Site "SchemingMind.com"]
[Date "2008.12.22"]
[Round "-"]
[White "Clive Everill"]
[Black "rodk"]
[Result "1/2-1/2"]
[WhiteCountry "CZE"]
[BlackCountry "USA"]
[WhiteElo "1644"]
[WhiteRD "51"]
[BlackElo "1637"]
[BlackRD "82"]
[GameID "183969"]

1. e4 c5 2. Nf3 d6 3. d4 cxd4 4. Nxd4 Nf6 5. Nc3 a6 6. Bc4 e6 7. Qf3 g6 8. O-O Bg7 9. Bg5 O-O 10. Rfe1 Nbd7
11. Nce2 Ne5 12. Qb3 Nxc4 13. Qxc4 b5 14. Qd3 Bb7 15. f3 Rc8 16. a4 Qb6 17. Kh1 bxa4 18. Rxa4 Qxb2 19. Rc4 Rxc4 20. Qxc4 Rc8
21. Qd3 e5 22. Nb3 Qxc2 23. Qxd6 Qc6 24. Qxe5 Nxe4 25. Qxe4 Qxe4 26. fxe4 Bxe4 27. Nf4 Bb7 28. Na5 Bc3 29. Nxb7 Bxe1 30. g3 Rc2
31. Nd3 Bd2 32. Bf6 a5 33. Nd6 a4 34. Nb5 Bc1 35. Nxc1 Rxc1+ 36. Kg2 Rc6 37. Ba1 f5 38. Kf3 Kf7 39. Kf4 h5 40. Kg5 Rb6
41. Nc3 a3 42. Ne2 Rb4 43. Nf4 Rb6 44. Nd5 Rd6 45. Nc3 Rd2 46. Nb1 Rd1 47. Nxa3 Rxa1 48. Nc4 Rd1 49. Ne5+ Ke6 50. Nxg6 Rh1
51. Nf4+ Ke5 52. h3 Rf1 53. Nxh5 Ke4 54. Nf6+ Kf3 55. g4 f4 56. h4 Ke2 57. h5 f3 58. h6 f2 59. Ne4 Ra1 60. Nxf2 Kxf2
61. h7 Rh1 62. Kg6 Kg3 63. g5 Kg4 64. Kg7=
1/2-1/2

[Event "1500-1800"]
[Site "SchemingMind.com"]
[Date "2008.12.17"]
[Round "-"]
[White "Clive Everill"]
[Black "kwabena"]
[Result "1/2-1/2"]
[WhiteCountry "CZE"]
[BlackCountry "ENG"]
[WhiteElo "1637"]
[WhiteRD "49"]
[BlackElo "1661"]
[BlackRD "65"]
[GameID "183970"]

1. e4 d5 2. exd5 Qxd5 3. Nc3 Qd8 4. d4 h6 5. Be3 Bf5 6. Bc4 e6 7. Nge2 Nf6 8. Qd2 Bd6 9. O-O-O a6 10. Ng3 Bxg3
11. hxg3 O-O 12. f3 b5 13. Bb3 c5 14. dxc5 Qc7 15. g4 Bg6 16. Qd6 Qb7 17. Bxh6 gxh6 18. Rxh6 Kg7 19. Rdh1 Nc6 20. Qd2 Rh8
21. Rxh8 Rxh8 22. Rxh8 Kxh8 23. Qh6+ Kg8 24. Ne2 Ne5 25. Nf4 Qc8 26. Qg5 Nfxg4 27. fxg4 Qxc5 28. Nxg6 Qg1+ 29. Kd2 Qd4+ 30. Ke1 Qg1+
31. Kd2 Qxg2+ 32. Kc3 Qc6+ 33. Kb4 Nxg6 34. Qd8+ Kh7 35. Qf6 Qc7 36. c3 Ne5 37. Bc2+ Kg8 38. Qg5+ Kf8 39. Qh6+ Ke8 40. Qh8+ Kd7
41. b3 Nc6+ 42. Ka3 a5 43. Qf6 Ne5 44. Kb2 Kd6 45. g5 Qc5 46. Qd8+ Nd7 47. Qxa5 Qxg5 48. Qa6+ Ke7 49. a4 bxa4 50. Qxa4 Qd2
51. b4 Kf6 52. b5 Nb6 53. Qh4+ Ke5 54. Qe4+ Kf6 55. Qb7 Nd5 56. Qc6 Qe3 57. c4 Qd4+ 58. Kc1 Nb4 59. Qf3+ Ke7 60. Qb7+ Kf8
61. Qb8+ Kg7 62. Qg3+ Kf8 63. Qb3 Nxc2 64. Kxc2 Qb6 65. Qb4+ Ke8 66. c5 Qb8 67. b6 f5 68. Qb5+ Kd8 69. c6 Qh2+ 70. Kb3 Qg3+
71. Kb4 Qe1+= 72. Kc5 Qe5+ 73. Kc4 Qe2+=
1/2-1/2